[Event "Budapest FS12 U2250"]
[Site "Budapest"]
[Date "2024.12.10"]
[Round "4"]
[White "Yagiz, Bora"]
[Black "Csermely, Zoltan"]
[Result "1-0"]
[WhiteElo "1874"]
[BlackElo "1653"]
[PlyCount "69"]
[EventDate "2024.12.07"]
[EventType "swiss"]
[EventRounds "9"]
[EventCountry "HUN"]
[SourceTitle "CB14_2025"]
[SourceDate "2024.11.01"]
[SourceVersion "1"]
[SourceVersionDate "2024.11.01"]
[SourceQuality "1"]

1. e4 c6 2. d4 d5 3. e5 Bf5 4. h4 c5 5. dxc5 Qa5+ 6. Nc3 Be6 7. Be3 Nc6 8. Bd4 a6 9. a3 Nh6 10. b4 Nxd4 11. bxa5 Nc6 12. Nxd5 Bxd5 13. Qxd5 Rd8 14. Qe4 e6 15. Rd1 Rxd1+ 16. Kxd1 Bxc5 17. Bxa6 0-0 18. Bd3 g6 19. a6 Bxf2 20. axb7 Ne7 21. Qb4 Nc6 22. Qd6 Nb8 23. Ke2 Ba7 24. c4 Ng4 25. c5 Re8 26. h5 Kg7 27. hxg6 hxg6 28. Rh4 Nh6 29. Ra4 Bxc5 30. Qxc5 Ng8 31. Ra8 Ne7 32. Rxb8 Rxb8 33. Qxe7 Rg8 34. Qf6+ Kh6 35. Qxf7 1-0

[Event "Budapest Vezerkepzo U2300"]
[Site "Budapest"]
[Date "2024.10.18"]
[Round "7"]
[White "Szabo, Bela"]
[Black "Csermely, Zoltan"]
[Result "0-1"]
[WhiteElo "1666"]
[BlackElo "1676"]
[PlyCount "62"]
[EventDate "2024.10.14"]
[EventType "swiss"]
[EventRounds "9"]
[EventCountry "HUN"]
[SourceTitle "CB43_2024"]
[Source "Chessbase"]
[SourceDate "2024.10.23"]
[SourceVersion "1"]
[SourceVersionDate "2024.10.23"]
[SourceQuality "1"]

1. e4 d5 2. exd5 Qxd5 3. Nc3 Qe5+ 4. Be2 c6 5. d4 Qa5 6. Nf3 Nf6 7. 0-0 Bf5 8. Bf4 e6 9. Ne5 Bb4 10. Nc4 Qd8 11. a3 Be7 12. h4 Nd5 13. Bxb8 Nxc3 14. bxc3 Rxb8 15. Ne3 Bxh4 16. Nxf5 exf5 17. Re1 0-0 18. Qd2 Qd6 19. Bf3 Bf6 20. a4 Rfd8 21. Rad1 g5 22. g3 g4 23. Bg2 Kg7 24. Qd3 Qd7 25. f4 h5 26. Kf2 h4 27. Bh1 Rh8 28. c4 hxg3+ 29. Kg2 Rh3 30. Re3 Rbh8 31. Rxg3 Rh2+ 0-1

[Event "Budapest Vezerkepzo U2300"]
[Site "Budapest"]
[Date "2024.10.14"]
[Round "1"]
[White "Farago, Sandor"]
[Black "Csermely, Zoltan"]
[Result "1-0"]
[WhiteElo "2041"]
[BlackElo "1676"]
[PlyCount "81"]
[EventDate "2024.10.14"]
[EventType "swiss"]
[EventRounds "9"]
[EventCountry "HUN"]
[SourceTitle "CB43_2024"]
[Source "Chessbase"]
[SourceDate "2024.10.23"]
[SourceVersion "1"]
[SourceVersionDate "2024.10.23"]
[SourceQuality "1"]

1. e4 d5 2. exd5 Qxd5 3. Nc3 Qe5+ 4. Be2 c6 5. d4 Qc7 6. Nf3 Nf6 7. Ne5 Be6 8. Bf4 Qa5 9. 0-0 g6 10. Bc4 Bxc4 11. Nxc4 Qf5 12. Bg3 b5 13. Ne3 Qh5 14. Qd3 Bh6 15. a4 b4 16. Ne2 0-0 17. f4 e6 18. Be1 a5 19. Ng3 Bxf4 20. Nxh5 Nxh5 21. g4 Bxe3+ 22. Qxe3 Ng7 23. Bh4 Nd7 24. Be7 Rfe8 25. Bd6 Nb6 26. Qf3 f5 27. Qxc6 Nd5 28. Be5 Rac8 29. Qd7 Ne7 30. gxf5 Ngxf5 31. Qxe6+ Kf8 32. Qf6+ Kg8 33. Qh8+ Kf7 34. Qxh7+ Ke6 35. Rae1 Kd5 36. Bf6 Kd6 37. Qf7 Nh6 38. Bxe7+ Kc6 39. Qe6+ Kb7 40. Qd7+ Ka8 41. Re6 1-0

[Event "Budapest FS10 U2250"]
[Site "Budapest"]
[Date "2024.10.06"]
[Round "2"]
[White "Csermely, Zoltan"]
[Black "Kahn, Evarth"]
[Result "0-1"]
[WhiteElo "1676"]
[BlackElo "1981"]
[PlyCount "68"]
[EventDate "2024.10.05"]
[EventType "swiss"]
[EventRounds "9"]
[EventCountry "HUN"]
[SourceTitle "CB45_2024"]
[Source "ChessBase"]
[SourceDate "2024.11.06"]
[SourceVersion "1"]
[SourceVersionDate "2024.11.06"]
[SourceQuality "1"]

1. e3 c5 2. d3 d5 3. h3 e5 4. g3 Nc6 5. Bg2 Be6 6. Ne2 Qd7 7. Nd2 Nf6 8. a3 Be7 9. b3 0-0 10. Bb2 d4 11. e4 Ne8 12. f4 f6 13. f5 Bf7 14. g4 Nd6 15. Ng3 b5 16. Qe2 c4 17. bxc4 bxc4 18. Nxc4 Nxc4 19. dxc4 Na5 20. Bf1 Nxc4 21. Qxc4 Bxc4 22. Bxc4+ Kh8 23. Kd2 Rab8 24. Rhb1 Qa4 25. Bd3 Rb6 26. h4 Rfb8 27. Ra2 Bb4+ 28. Kc1 Bc3 29. Ne2 Bxb2+ 30. Kd1 Bxa3 31. Rxb6 Rxb6 32. Ra1 Qb4 33. g5 Qb2 34. Rc1 Qxc1+ 0-1

[Event "Budapest FS05 FM-B"]
[Site "Budapest"]
[Date "2015.05.03"]
[Round "2"]
[White "Csermely, Zoltan"]
[Black "Oberfrank, Istvan1"]
[Result "0-1"]
[WhiteElo "1624"]
[BlackElo "1734"]
[PlyCount "106"]
[EventDate "2015.05.02"]
[EventType "tourn"]
[EventRounds "9"]
[EventCountry "HUN"]
[SourceTitle "CBM 166 Extra"]
[Source "ChessBase"]
[SourceDate "2015.06.18"]
[SourceVersion "1"]
[SourceVersionDate "2015.06.18"]
[SourceQuality "1"]

1. e4 e6 2. d4 d5 3. exd5 exd5 4. a4 Be7 5. c4 Nf6 6. Nc3 c6 7. c5 Bf5 8. Bd3 Bxd3 9. Qxd3 Na6 10. a5 Qd7 11. Nf3 Qe6+ 12. Be3 Ng4 13. Kd2 Nxe3 14. fxe3 f5 15. Ra4 0-0 16. b4 Nc7 17. b5 a6 18. bxc6 bxc6 19. Raa1 Bf6 20. Na4 Nb5 21. Nb6 Ra7 22. h4 h6 23. h5 Re7 24. Rh3 Rfe8 25. Re1 Rf7 26. Rg3 Qe4 27. Rg6 Rc7 28. Rh1 f4 29. Qxe4 dxe4 30. Rxf6 fxe3+ 31. Kxe3 exf3+ 32. Kxf3 gxf6 33. d5 Nd4+ 34. Kf4 cxd5 35. Nxd5 Rc6 36. Rd1 Nb3 37. Kf5 Kf7 38. Nb6 Rxc5+ 39. Kf4 Re7 40. Rd6 Nxa5 41. Nd5 Rc4+ 42. Kf3 Re6 43. Rd7+ Ke8 44. Rh7 Kd8 45. Rxh6 Nc6 46. Rh8+ Re8 47. Rxe8+ Kxe8 48. Nxf6+ Kf7 49. Ne4 Kg7 50. g4 Kh6 51. Kf4 a5 52. Kf5 a4 53. g5+ Kxh5 0-1

[Event "Budapest op 4th"]
[Site "Budapest"]
[Date "2014.08.18"]
[Round "3"]
[White "Csermely, Zoltan"]
[Black "Heyl, Thomas"]
[Result "0-1"]
[WhiteElo "1656"]
[BlackElo "2001"]
[PlyCount "70"]
[EventDate "2014.08.16"]
[EventType "swiss"]
[EventRounds "9"]
[EventCountry "HUN"]
[SourceTitle "CBM 161 Extra"]
[Source "ChessBase"]
[SourceDate "2014.08.29"]
[SourceVersion "1"]
[SourceVersionDate "2014.08.29"]
[SourceQuality "1"]

1. Nf3 d5 2. g3 Nf6 3. Bg2 e6 4. 0-0 Be7 5. Ne5 0-0 6. d4 b6 7. c4 Bb7 8. Nd2 c5 9. e3 Nc6 10. Nxc6 Bxc6 11. a4 Qc7 12. dxc5 bxc5 13. Qc2 Rab8 14. b3 Qb7 15. Ba3 Nd7 16. cxd5 Bxd5 17. Bxd5 exd5 18. f4 Bf6 19. Rac1 Rfc8 20. Qd3 Be7 21. h4 Nf6 22. Rb1 Qd7 23. f5 Qc7 24. Kf2 c4 25. bxc4 Rxb1 26. Rxb1 Bxa3 27. Qxa3 dxc4 28. Qc3 h5 29. Rc1 Rd8 30. Kf3 Qb7+ 31. e4 Rd3+ 32. Kf4 Rxc3 33. Rxc3 Qb2 34. Rxc4 Qxd2+ 35. Ke5 Nd7# 0-1

[Event "Budapest op 08"]
[Site "Budapest"]
[Date "2012.08.25"]
[Round "8"]
[White "Csermely, Zoltan"]
[Black "Indig, Akos"]
[Result "1-0"]
[WhiteElo "1686"]
[BlackElo "1349"]
[PlyCount "57"]
[EventDate "2012.08.18"]
[EventType "swiss"]
[EventRounds "9"]
[EventCountry "HUN"]
[SourceTitle "EXT 2014"]
[Source "ChessBase"]
[SourceDate "2013.11.20"]
[SourceVersion "1"]
[SourceVersionDate "2013.11.20"]
[SourceQuality "1"]

1. d4 d5 2. e3 e6 3. Bd3 c5 4. b3 Nc6 5. Nf3 Nf6 6. Bb2 Bd7 7. Nbd2 Be7 8. Ne5 0-0 9. 0-0 Nb4 10. Be2 Nc6 11. a3 Qc7 12. f4 Nxe5 13. fxe5 Ne4 14. Nxe4 dxe4 15. c4 cxd4 16. exd4 f6 17. Qc2 f5 18. a4 Bc6 19. Bc1 Rad8 20. Be3 b6 21. g3 Rd7 22. Rad1 Qd8 23. d5 exd5 24. cxd5 Bxd5 25. Rxd5 Rxd5 26. Bc4 Bc5 27. Bxc5 bxc5 28. Rd1 Kh8 29. Rxd5 1-0

[Event "Budapest Karacsonyi op 3rd"]
[Site "Budapest"]
[Date "2011.12.28"]
[Round "2"]
[White "Yip, Michael"]
[Black "Csermely, Zoltan"]
[Result "1-0"]
[WhiteElo "2021"]
[BlackElo "1772"]
[PlyCount "69"]
[EventDate "2011.12.27"]
[EventType "swiss"]
[EventRounds "7"]
[EventCountry "HUN"]
[SourceTitle "EXT 2020"]
[Source "ChessBase"]
[SourceDate "2019.10.17"]
[SourceVersion "1"]
[SourceVersionDate "2019.10.17"]
[SourceQuality "1"]

1. d4 Nf6 2. Nf3 d5 3. c4 c6 4. Nc3 e6 5. e3 b6 6. Bd3 dxc4 7. Bxc4 b5 8. Bd3 a5 9. 0-0 Na6 10. e4 h6 11. Re1 Be7 12. e5 Nd5 13. Ne4 Qb6 14. Qe2 Nac7 15. Bd2 Ba6 16. Nd6+ Kf8 17. Rac1 g5 18. Qe4 Bxd6 19. exd6 Ne8 20. Ne5 Nxd6 21. Nd7+ Ke7 22. Nxb6 Nxe4 23. Bxa5 Nxb6 24. Bxe4 Nc4 25. Bb4+ Kd7 26. b3 f5 27. Bxc6+ Kxc6 28. bxc4 bxc4 29. Rxe6+ Kb5 30. Bc3 Bc8 31. Rb1+ Ka4 32. Reb6 Re8 33. Kf1 Re6 34. R6b2 Bd7 35. a3 1-0

[Event "Budapest Weekend 2nd"]
[Site "Budapest"]
[Date "2010.08.20"]
[Round "2"]
[White "Csermely, Zoltan"]
[Black "Bella, Zsolt"]
[Result "1-0"]
[WhiteElo "1729"]
[BlackElo "1544"]
[PlyCount "67"]
[EventDate "2010.08.20"]
[EventType "swiss"]
[EventRounds "7"]
[EventCountry "HUN"]
[SourceTitle "EXT 2020"]
[Source "ChessBase"]
[SourceDate "2019.10.17"]
[SourceVersion "1"]
[SourceVersionDate "2019.10.17"]
[SourceQuality "1"]

1. d4 e6 2. e3 c5 3. c3 Nf6 4. g4 d5 5. h4 Bd6 6. Bg2 e5 7. g5 Ne4 8. dxe5 Bxe5 9. f4 Qe7 10. fxe5 Qxe5 11. Bxe4 Qg3+ 12. Kf1 dxe4 13. Qa4+ Bd7 14. Qxe4+ Kd8 15. Qf4 Bb5+ 16. c4 Qxf4+ 17. exf4 Bxc4+ 18. Kf2 Re8 19. Be3 b6 20. Nc3 Re7 21. b3 Be6 22. Nf3 Ke8 23. Nb5 Rd7 24. Ne5 Re7 25. Rhd1 Na6 26. Rd2 f6 27. Nc6 Rc7 28. Nxc7+ Nxc7 29. Rad1 Kf7 30. Rd7+ Kg6 31. Rxc7 fxg5 32. hxg5 Bf5 33. Ne5+ Kh5 34. Rh1+ 1-0

[Event "Budapest Weekend 2nd"]
[Site "Budapest"]
[Date "2010.08.20"]
[Round "1"]
[White "Farkas, Lajos"]
[Black "Csermely, Zoltan"]
[Result "1-0"]
[WhiteElo "2167"]
[BlackElo "1729"]
[PlyCount "57"]
[EventDate "2010.08.20"]
[EventType "swiss"]
[EventRounds "7"]
[EventCountry "HUN"]
[SourceTitle "EXT 2020"]
[Source "ChessBase"]
[SourceDate "2019.10.17"]
[SourceVersion "1"]
[SourceVersionDate "2019.10.17"]
[SourceQuality "1"]

1. d4 Nf6 2. Nf3 d5 3. g3 e6 4. Bg2 b5 5. b3 Bb7 6. 0-0 Nbd7 7. Bb2 a5 8. a4 c6 9. Nbd2 Ra7 10. Ne5 Nxe5 11. dxe5 Nd7 12. e4 Bc5 13. exd5 exd5 14. e6 Nf6 15. exf7+ Kxf7 16. axb5 cxb5 17. Bxf6 gxf6 18. Qh5+ Kg7 19. Rae1 Qd6 20. Bh3 Bb4 21. Re6 Qc5 22. Rxf6 Kxf6 23. Qf5+ Kg7 24. Qe5+ Kf7 25. Be6+ Kg6 26. Qf5+ Kg7 27. Qf7+ Kh6 28. Qf6+ Kh5 29. g4# 1-0

[Event "Budapest Weekend U2200 1st"]
[Site "Budapest"]
[Date "2010.05.30"]
[Round "6"]
[White "Csermely, Zoltan"]
[Black "Novaky, Csaba"]
[Result "1/2-1/2"]
[WhiteElo "1709"]
[BlackElo "2069"]
[PlyCount "80"]
[EventDate "2010.05.29"]
[EventType "swiss"]
[EventRounds "6"]
[EventCountry "HUN"]
[SourceTitle "EXT 2020"]
[Source "ChessBase"]
[SourceDate "2019.10.17"]
[SourceVersion "1"]
[SourceVersionDate "2019.10.17"]
[SourceQuality "1"]

1. d4 Nf6 2. e3 e6 3. Bd3 d5 4. Nd2 c5 5. c3 Nc6 6. f4 Bd6 7. Qf3 cxd4 8. exd4 Qc7 9. Ne2 Ne7 10. g4 g6 11. Nf1 h5 12. g5 Nd7 13. h4 Nb6 14. Nfg3 Bd7 15. 0-0 a6 16. Re1 Bb5 17. Bxb5+ axb5 18. b3 Ba3 19. Bd2 Bb2 20. Rab1 Rxa2 21. Qd3 Ba3 22. Qxb5+ Qc6 23. Qd3 Kd7 24. Kf1 Bd6 25. Ng1 Rha8 26. Nf3 R8a6 27. Re2 Ra1 28. Kf2 Rxb1 29. Qxb1 Ra8 30. Qd3 Re8 31. Bc1 Nf5 32. Nxf5 exf5 33. Rxe8 Kxe8 34. Qe2+ Kf8 35. Bd2 Qe8 36. Ne5 Bxe5 37. fxe5 Qc6 38. Qd3 Ke7 39. Bc1 Ke6 40. Ba3 Nc8 1/2-1/2